| 000 | 00444nam a2200181Ia 4500 | ||
|---|---|---|---|
| 008 | 090123s9999 xx 000 0 und d | ||
| 082 | _b39408 | ||
| 100 | _aSHARBUNO JEANNE | ||
| 245 | _a52 WAYS TO LIVE SUCCESS | ||
| 250 | _a0 | ||
| 260 | _bJAICO PUBLISHING HOUSE | ||
| 300 | _a168 | ||
| 600 | _aSHARBUNO JEANNE | ||
| 630 | _a52 WAYS TO LIVE SUCCESS | ||
| 700 | _aSHARBUNO JEANNE | ||
| 730 | _a52 WAYS TO LIVE SUCCESS | ||
| 942 | _cBOOK | ||
| 999 |
_c77478 _d77478 |
||